000 00558nam a2200217Ia 4500
003 OSt
005 20221007083250.0
006 a|||||r|||| 00| 0
007 ta
008 221006b |||||||| |||| 00| 0 eng d
024 _a38,455
037 _cTheseses
040 _aFLL
_cFLL
_beng
041 _2eng
_aeng
100 _aSanjay Kumar
245 0 _aTrips and its effect on pharmaceutical industry with special exphasis on India
260 _c2009
300 _axxxiv,609p
_ccm.
942 _cDIS
_2CC
999 _c1169450
_d1169450